000 008180000a22002050004500
041 0 _aSPA
082 0 4 _aG 100 B194f
100 1 _aBalmes, Jaime (1810–1848)
245 1 0 _aFilosofía elemental : Lógica, ética, metafísica, historia de la filosofía / Jaime Balmes
250 _a2
260 _aMéxico, D.F. : Porrúa
300 _a386 Pag.
505 0 0 _afacultades auxiliares -- facultad principal el entendimiento -- el método -- ética -- metafísica -- estética -- ideología pura -- gramática general o filosofía del lenguaje -- psicología -- teodicea -- historia de la filosofía
650 1 4 _aLOGICA \ ETICA \ METAFISICA \ FILOSOFIA - HISTORIA
001 572
942 _cBK
999 _c32084
_d32084
336 _atexto
_btxt
_2rdacontent
337 _2rdamedia
_asin mediación
_bn
338 _2rdacarrier
_avolumen
_bnc